| 000 | 01551nam a2200253Ia 4500 | ||
|---|---|---|---|
| 999 |
_c54442 _d54442 |
||
| 001 | 21498 | ||
| 003 | GE_BSU | ||
| 005 | 20230524122906.0 | ||
| 008 | 181216s2017||||ge |||||||||||||| ||geo|| | ||
| 020 | _a978994109756 | ||
| 040 | _cGE_BSU | ||
| 041 | _ageo | ||
| 080 | _a94(479.223) დ-43 | ||
| 100 |
_aდიასამიძე, ბიჭიკო _913004 |
||
| 245 |
_aსამი ისტორიული მხარე ერთ თანამედროვე მუნიციპალიტეტის ფარგლებში / _cბიჭიკო დიასამიძე ; რედ. ნოდარ კახიძე. |
||
| 264 |
_aბათუმი : _b[?], _c2017. |
||
| 300 |
_a60 გვ. : _bილ.; _c19 სმ. _e1ფ. პორტრეტი |
||
| 500 | _aნაშრომში შესწავლილია თანამედროვე ხელვაჩაურის მუნიციპალიტეტში შემავალი ისტორიული მხარეების : ბათუმის, გონიო-მარადიდის და მაჭახლის ხეობის წარსული | ||
| 500 | _a სამი ისტორიული მხარე ერთ თანამედროვე მუნიციპალიტეტის ფარგლებში | ||
| 541 | _h5ლ. | ||
| 653 | _aისტორია | ||
| 700 |
_aკახიძე, ნოდარ _eრედაქტორი _913005 |
||
| 942 |
_cBK _2udc |
||